Cruz y resurrección : presencia y anuncio de una Iglesia nueva /

Obra colectiva de reflexión sobre la realidad de la Iglesia en América Latina con la finalidad de constituir una aportación teológica para la tercera Conferencia del Episcopado Latinoamericano que se llevaría a cabo en Puebla, México en enero de 1979. La eclesiología que aquí se manifiesta surge del...

ver descrição completa

Na minha lista:
Detalhes bibliográficos
Outros Autores: Gutiérrez, Gustavo (autor) (autor), Soto C., Francisco (presentación) (presentación)
Formato: Livro
Idioma:espanhol
Publicado em: México : Jalapa, México : Centro de Reflexión Teológica ; Servir, 1978, c1978
Colecção:(Teología Latinoamericana ; 7)
Assuntos:
Tags: Adicionar Tag
Sem tags, seja o primeiro a adicionar uma tag!

MARC

LEADER 00000nam^a2200000^a^4500
001 000380208
005 20250521000000.0
009 20260310120549.919
037 |a Acervo Xavier Clavigero 
041 |a ESP 
082 |a 261.  |b CRU 
245 0 0 |a Cruz y resurrección :  |b presencia y anuncio de una Iglesia nueva /  |c G. Gutiérrez... [et al.] ; presen. de F. Soto C. 
264 4 |a México :  |b Centro de Reflexión Teológica ;  |a Jalapa, México :  |b Servir,  |c 1978, c1978 
300 |a 356 p. 
336 |a texto  |b txt  |2 rdacontenido 
337 |a sin mediación  |b n  |2 rdamedio 
338 |a volumen  |b nc  |2 rdasoporte 
440 1 |a (Teología Latinoamericana ;  |v 7) 
520 |a Obra colectiva de reflexión sobre la realidad de la Iglesia en América Latina con la finalidad de constituir una aportación teológica para la tercera Conferencia del Episcopado Latinoamericano que se llevaría a cabo en Puebla, México en enero de 1979. La eclesiología que aquí se manifiesta surge del trabajo de acción y reflexión con los pobres del subcontinente acompañando sus esfuerzos de liberación: se habla así de la Iglesia que nace del pueblo bajo la guía de Jesucristo presente en lo pobres. 
561 |a Ex libris de Biblioteca Juniorado San José, ejemplares 2-6 
561 |a Ex libris de Instituto de Literatura Puente Grande, Jal., ejemplares 2-6 
610 |a Comunidades Eclesiales de Base 
649 |a XX 
650 |a Iglesia Católica en Latinoamérica 
650 |a Opción Preferencial por los Pobres 
650 |a Pobreza -  |z Latinoamérica 
650 |a Igualdad y Desigualdad -  |z Latinoamérica 
650 |a Justicia e Injusticia -  |z Latinoamérica 
650 |a Cristología 
650 |a Antropología 
650 |a Eclesiología -  |x Tema Principal 
650 |a Teología de la Liberación -  |x Tema Principal 
650 |a Catolicismo 
650 |a Cristianismo 
650 |a Religión 
700 |a Gutiérrez, Gustavo  |e (autor) 
700 |a Soto C., Francisco  |e (presentación) 
910 |a Fondo General 
920 |a Impresos - Libros 
930 |a Colección General 
905 |a 101 
901 |a 038356  |b IT1  |c ACC  |u 20250521 
901 |a 003432  |b IT1  |c ACC  |u 20250521 
901 |a 034895  |b IT1  |c ACC  |u 20250521 
901 |a 003433  |b IT1  |c ACC  |u 20250521 
901 |a 003947  |b IT1  |c ACC  |u 20250521 
901 |a 003912  |b IT1  |c ACC  |u 20250521 
902 |a https://opac.biblio.iteso.mx/vufind/Record/000380208